ბათუმის შოთა რუსთაველის სახელმწიფო უნივერსიტეტის ბიბლიოთეკა

The good luck girl. (ბიბ.ჩანაწერი № 47020)

000 -LEADER
fixed length control field 00417nam a2200193Ia 4500
001 - CONTROL NUMBER
control field 13876
003 - CONTROL NUMBER IDENTIFIER
control field GE_BSU
008 - FIXED-LENGTH DATA ELEMENTS--GENERAL INFORMATION
fixed length control field 181216s||||||||xx |||||||||||||| ||und||
020 ## - INTERNATIONAL STANDARD BOOK NUMBER
International Standard Book Number 9781409102618
040 ## - CATALOGING SOURCE
Transcribing agency GE_BSU
080 ## - UNIVERSAL DECIMAL CLASSIFICATION NUMBER
Universal Decimal Classification number 821.111-3
100 ## - MAIN ENTRY--PERSONAL NAME
Personal name Reichs,Kerry.
245 #4 - TITLE STATEMENT
Title The good luck girl.
260 ## - PUBLICATION, DISTRIBUTION, ETC.
Place of publication, distribution, etc. London.
260 ## - PUBLICATION, DISTRIBUTION, ETC.
Name of publisher, distributor, etc. 2009
260 ## - PUBLICATION, DISTRIBUTION, ETC.
Date of publication, distribution, etc. 387p;19cm.
653 ## - INDEX TERM--UNCONTROLLED
Uncontrolled term The good luck girl.
942 ## - ADDED ENTRY ELEMENTS (KOHA)
Koha item type წიგნი
ეგზემპლარები
Withdrawn status Lost status Damaged status Not for loan Date acquired Barcode Date last seen Price effective from Koha item type
        2018-12-17 36636 2018-12-17 2018-12-17 წიგნი